000 00592nam a2200181Ia 4500
001 20317
005 20260306172757.0
008 260306t2013||||xx |||||||||||||| ||spa||
041 _aESP
082 _a343.11
_bH87
100 _aHuerta Guerrero, Luis Alberto
_eAUT
245 0 _aSentencias del poder judicial frente a normas ilegales e inconstitucionales:
_bresoluciones de acción popular de observancia obligatoria para la administración pública y los abogados
260 _c2013
300 _a398 páginas :
_c24 cm.
650 _aGEN
654 _aCDE
942 _cLIB
_dJUS
_fJUS
_2ddc
_n
999 _c20317
_d20317